000 00400nam a2200169Ia 4500
008 230711s9999||||xx |||||||||||||| ||und||
020 _a978-0-486-32255-1
041 _aENG
082 _a517.38
_bTR-I
100 _aTricomi,F.G
245 0 _aIntegral Equations
250 _a1st Ed.
260 _c1957
_aNew York
_bDover Publications,Inc
300 _a238p.
650 _aMathematics
942 _cBK
999 _c6747
_d6747